Word 97 marco & VBA handbook

Saved in:
Bibliographic Details
Main Author: Hart-Davis, Guy
Format: Book
Language:English
Published: San Francisco : Sybex, c1997
Subjects:
Tags: Add Tag
No Tags, Be the first to tag this record!

MARC

LEADER 00000nam a2200000 i 4500
001 1/12957
008 001102s1997 eng d
020 |a 078211962X 
035 |l 10064426 
040 |a GR-MY-UA  |b gre  |e aacr 
041 0 |a eng 
082 0 |a 652.55369 
100 1 |a Hart-Davis, Guy. 
245 1 0 |a Word 97 marco & VBA handbook /  |c Guy Hart-Davis 
260 |a San Francisco :   |b Sybex,   |c c1997 
300 |a xxxv, 807 p.;  |b ill.;  |c 23 cm.+  |e 1 computer laser optical disc (4 3/4 in.) 
504 |a Includes index 
630 0 0 |a Microsoft Word. 
630 0 0 |a Microsoft Visual Basic for applications. 
650 0 0 |a Word processing. 
650 0 0 |a Microprogramming. 
852 |a INST  |b SAMOS  |e 20001102  |h 652.55369 HAR  |p 005300018594  |q 005300018594  |t BK  |y 0 
852 |a INST  |b SAMOS  |e 20001102  |h 652.55369 HAR   |p 005300018660  |q 005300018660  |t BK  |y 0 
901 |a BIBL3-2000-3 
909 |a Σ  |b 079836 
909 |a Σ  |b 079835 
922 |a 3ΕΛΗ  |b 200002  |c ΤΠΕΣ/ΤΑΚΤ  |d ΠΑΠΑΣΩΤΗΡΙΟΥ 
970 |a ΜΑΛΑΓΑΡΗ  |b ΦΩΤΕΙΝΗ  |z 2000/11/2